Modern Power System Analysis (Record no. 172570)

MARC details
000 -LEADER
fixed length control field 00428nam a2200181Ia 4500
008 - FIXED-LENGTH DATA ELEMENTS--GENERAL INFORMATION
fixed length control field 240823s9999||||xx |||||||||||||| ||und||
082 ## - DEWEY DECIMAL CLASSIFICATION NUMBER
-- 621.3191 M4
100 ## - MAIN ENTRY--PERSONAL NAME
Personal name Nagrath I J
245 #0 - TITLE STATEMENT
Title Modern Power System Analysis
250 ## - EDITION STATEMENT
Edition statement 1st
260 ## - PUBLICATION, DISTRIBUTION, ETC. (IMPRINT)
Date of publication, distribution, etc 1984
Name of publisher, distributor, etc "TMH,New Delhi"
500 ## - GENERAL NOTE
General note YES
650 ## - SUBJECT ADDED ENTRY--TOPICAL TERM
Topical term or geographic name as entry element Power System
700 ## - ADDED ENTRY--PERSONAL NAME
Personal name Kothari D P
942 ## - ADDED ENTRY ELEMENTS (KOHA)
Item type Books
Holdings
Withdrawn status Lost status Damaged status Permanent location Current location Date acquired Source of acquisition Cost, normal purchase price Full call number Barcode Date last seen Koha item type
      CENTRAL LIBRARY, NOORUL ISLAM CENTRE FOR HIGHER EDUCATION CENTRAL LIBRARY, NOORUL ISLAM CENTRE FOR HIGHER EDUCATION 05/09/2003 Modern Book Centre 35.00 621.3191 M4 2658 08/23/2024 Books
Visitors:
Copyright © 2024 Central Library NICHE.  All rights reserved.